000
00314 a2200157 4500
001
183359
020
_a
040
_c
Magnum
100
_a
Biological Sciences Curriculum Study
240
1
0
_a
Biologia 1
_l
por
245
1
0
_a
Biologia 1
300
_a
278
362
0
_a
1970
697
_a
BIOLOGIA
942
_c
BK
999
_c
183359
_d
183359